000 01138nam0a22002531 4500
001 rc\629853
005 20250621191128.0
035 _a(NLR Aleph) 005872071
090 _a5989316
_c5989316
100 _a20031121d1986 |||y0rusy50 ca
101 0 _arus
102 _aRU
105 _aa |||||||||
200 1 _aМетодические рекомендации по построению и анализу карт температуры воды на основе комплексного использования спутниковой и судовой информации
_fГос. ком. СССР по гидрометеорологии и контролю природ. среды, Гидрометеорол. н.-и. центр СССР
210 _aМ.
_cГидрометцентр
_d1986
215 _a7 с.
_cил.
_d20
320 _aБиблиогр.: с. 7
700 1 _aМакаров
_bС.С.
_gСергей Сергеевич
701 1 _aВасильев
_bК.П.
_gКонстантин Петрович
801 0 _aRU
_bNLR
_gpsbo
801 1 _aRU
_bELAR
_2rusmarc
852 _aNLR
_j87-7/946
942 _cBOOK
980 _aNB